| 000 | 00788nam a2200229Ii 4500 | ||
|---|---|---|---|
| 003 | JO-AjNU | ||
| 008 | 230605s9999||||xx |||||||||||||| ||und|| | ||
| 017 | _a2010/21388 | ||
| 020 | _a978-977-287-991-6 | ||
| 040 |
_aJO-AjNU _bara _erda _cJO-AjNU |
||
| 041 | _aara | ||
| 050 | 1 | 4 | _aTD430.S27 2011 |
| 100 | 3 |
_aالسروي ، احمد, _eauthor _951461 |
|
| 245 | 0 | 0 | _aاعادة استخدام المياه العادمة (مياه الصرف المعالجة) |
| 250 | _aط1 | ||
| 264 | 3 | 1 | _aالقاهرة :دار الكتب العلمية 2011 |
| 300 | _a266ص | ||
| 336 |
_atext _btxt _2rdacontent |
||
| 337 |
_aunmediated _bn _2rdamedia |
||
| 338 |
_avolume _bnc _2rdacarrier |
||
| 650 | 4 |
_aالصرف الصحي-معالجة-المياه-معالجة كيميائية _951462 |
|
| 999 |
_aA22733 _c26301 _d26301 |
||